| 000 | 00569nam a2200193Ia 4500 | ||
|---|---|---|---|
| 005 | 20250923145248.0 | ||
| 008 | 008 250917s9999 xx 000 0 eng d | ||
| 037 | _aTextual | ||
| 040 |
_aDSWL _beng _cDSWL |
||
| 041 |
_aeng _2eng |
||
| 084 |
_aY:fx, N72.1 _qDSWL |
||
| 245 | 0 |
_aKey Variables in Social Research : Religion, Housing, Locality _cEd. by Elizabeth Gittus |
|
| 260 |
_aLondon _b Heinemann Education Books _c1972 |
||
| 300 | _axiii,158p. | ||
| 365 |
_aGBP _b90 |
||
| 925 | _g90 | ||
| 942 |
_cTEXL _hY:fx, N72.1 |
||
| 999 |
_c1449138 _d1449138 |
||